Sociedad, Cultura y medio ambiente (Registro nro. 15690)

Detalles MARC
000 -CABECERA
Campo de control 002950000a22001090004500
090 ## - CLASIFICACIÓN LOCAL
Colección As
Consecutivo Seriadas
041 0# - IDIOMA
Código de idioma para texto/pista de sonido o título separado
100 1# - ASIENTO PRINCIPAL--NOMBRE PERSONAL
Nombre personal Maya, Augusto Angel
245 10 - MENCION DE TITULO
Título Sociedad, Cultura y medio ambiente
773 1# - Item fuente:
Título Colombia Ciencia & Tecnología
Descripción física 3
Paginas del Articulo 12-17
Lugar, editorial y fecha de publicación 1997
Información sobre la relación 15
942 ## - ELEMENTOS ADICIONALES (KOHA)
Tipo de ítem Artículo

No hay ítems disponibles.